[Event "4th Kolkata Open"]
[Site "Kolkata IND"]
[Date "2009.09.03"]
[Round "3"]
[White "Roy Chowdhury,S"]
[Black "Mchedlishvili,M"]
[Result "0-1"]
[WhiteElo "2436"]
[BlackElo "2613"]
[EventDate "2009.09.01"]

1. e4 c5 2. Nc3 Nc6 3. Nf3 d6 4. d4 cxd4 5. Nxd4 Nf6 6. Bb5 Bd7 7. O-O g6
8. Re1 Bg7 9. Nb3 O-O 10. Bg5 h6 11. Bh4 Rc8 12. Qd2 g5 13. Bg3 Nh5 14.
Bxc6 bxc6 15. Nd1 c5 16. c3 Bc6 17. Qe2 Nxg3 18. hxg3 Rb8 19. Nd2 e6 20.
Rc1 Re8 21. b3 Bb5 22. c4 Bc6 23. Ne3 Qf6 24. Qh5 Kh7 25. Rcd1 Qg6 26.
Qxg6+ Kxg6 27. f4 Red8 28. Re2 Bc3 29. Nc2 a5 30. Re3 Bf6 31. Rf1 a4 32.
Kh2 axb3 33. axb3 g4 34. Ne1 Ra8 35. Nd3 Ra2 36. Rd1 Bd4 37. Re2 Kg7 38. b4
Ba4 39. Rc1 Ra3 0-1

[Event "4th Kolkata Open"]
[Site "Kolkata IND"]
[Date "2009.09.03"]
[Round "3"]
[White "Mamedov,Rau"]
[Black "Panchanathan,M"]
[Result "0-1"]
[WhiteElo "2626"]
[BlackElo "2532"]
[EventDate "2009.09.01"]

1. e4 e5 2. Nc3 Nf6 3. g3 Nc6 4. Bg2 Bc5 5. Nge2 a6 6. d3 d6 7. h3 Be6 8.
Nd5 Qd7 9. Be3 Bxd5 10. exd5 Ne7 11. d4 exd4 12. Bxd4 Bxd4 13. Qxd4 O-O 14.
O-O-O Rfd8 15. Nc3 c5 16. dxc6 bxc6 17. g4 Rab8 18. Rhe1 Ng6 19. f4 Qb7 20.
Na4 c5 21. Bxb7 cxd4 22. Bf3 Rb4 23. b3 Nxf4 24. g5 Ne8 25. Bg4 Nc7 26. a3
Rb5 27. Rxd4 Nce6 28. Rc4 Rxg5 29. Rc6 a5 30. Rd1 f5 31. Bf3 Rg3 32. Rc3
Rxh3 33. b4 axb4 34. axb4 g5 35. Kb2 Kg7 36. b5 g4 37. Bc6 Rxc3 38. Kxc3 h5
39. b6 g3 40. b7 h4 41. Nb6 Nc5 42. Nc4 g2 43. Bxg2 Nxg2 44. Nxd6 Nxb7 45.
Nxf5+ Kf6 46. Rxd8 Nxd8 47. Nxh4 Nxh4 48. Kb4 Ke5 49. c4 Nf5 50. Kb5 Nd4+
51. Kb4 N8c6+ 52. Kc3 Kd6 53. c5+ Kd5 54. Kd3 Ke5 55. Ke3 Kf5 56. Kd3 Kf4
57. Kc3 Ke4 58. Kc4 Nf3 59. Kc3 Nfe5 60. Kd2 Kf3 61. Kc2 Ke2 62. Kc3 Ke3
63. Kc2 Nf3 64. Kc3 Nd2 65. Kc2 Ne4 66. Kd1 Kf2 67. Kc2 Ke2 68. Kc1 Nf6 69.
Kc2 Nd5 70. Kb3 Kd3 71. Kb2 Ndb4 72. Kc1 Ke2 73. Kb2 Kd2 74. Kb3 Kd3 75.
Kb2 Nc2 76. Kc1 Ne3 77. Kb2 Kc4 78. Ka3 Nd1 79. Ka2 Kc3 80. Ka3 Nb2 81. Ka2
Nc4 82. Kb1 Kd2 83. Ka2 Kc2 84. Ka1 N6a5 85. c6 Nb3+ 0-1

[Event "4th Kolkata Open"]
[Site "Kolkata IND"]
[Date "2009.09.03"]
[Round "3"]
[White "Guseinov,G"]
[Black "Bakre,T"]
[Result "1-0"]
[WhiteElo "2667"]
[BlackElo "2465"]
[EventDate "2009.09.01"]

1. e4 e5 2. Nf3 Nc6 3. Bb5 a6 4. Bxc6 dxc6 5. O-O Bg4 6. h3 Bxf3 7. Qxf3
Qf6 8. Qxf6 Nxf6 9. d3 Bc5 10. Nd2 O-O 11. Nc4 Rfe8 12. g3 Nd7 13. Kg2 f6
14. a4 a5 15. Bd2 b6 16. f4 Bb4 17. c3 Bf8 18. Be3 Rad8 19. Kf3 Nc5 20.
Bxc5 Bxc5 21. Rad1 Rd7 22. Rd2 g6 23. Rfd1 Rde7 24. Re2 Rd7 25. b3 Kg7 26.
Red2 Rde7 27. h4 Bd6 28. Re2 c5 29. f5 Rd7 30. Rh2 Bf8 31. Ne3 Red8 32. Ke2
Kf7 33. Rf2 Bg7 34. Rf3 Kg8 35. Ng4 Rd6 36. Ne3 R6d7 37. Nd5 Rf7 38. Rdf1
Rdf8 39. g4 c6 40. Nxb6 Rb7 41. Nc4 Rxb3 42. Kd2 Rb7 43. Kc2 gxf5 44. Rxf5
Rfb8 45. Rg1 1-0

[Event "4th Kolkata Open"]
[Site "Kolkata IND"]
[Date "2009.09.03"]
[Round "3"]
[White "Aleksandrov,A"]
[Black "Swapnil,SD"]
[Result "1-0"]
[WhiteElo "2639"]
[BlackElo "2407"]
[EventDate "2009.09.01"]

1. d4 Nf6 2. c4 e6 3. Nc3 Bb4 4. e3 d5 5. a3 Bxc3+ 6. bxc3 O-O 7. cxd5 exd5
8. c4 c5 9. dxc5 Na6 10. cxd5 Nxc5 11. Bc4 b5 12. Ba2 Bb7 13. Ne2 Bxd5 14.
O-O Bxa2 15. Rxa2 Qxd1 16. Rxd1 Rfd8 17. Rxd8+ Rxd8 18. Rd2 Rxd2 19. Bxd2
Nb3 20. Be1 Ne4 21. Nc3 Nd6 22. Kf1 f5 23. f3 a6 24. Nd5 Kf7 25. Nc7 Nc4
26. Kf2 Nxa3 27. Nxa6 Nc4 28. Bc3 Nc1 29. Nb4 g6 30. h3 h5 31. Ke1 Nb3 32.
Ke2 Nc1+ 33. Kd1 Nb3 34. Kc2 Nc5 35. Bd4 Ne6 36. Ba7 Nc7 37. h4 Ke6 38. Kd3
Nd5 39. Nc2 Ne5+ 40. Kd2 Nc6 41. Bc5 Nf6 42. Kc3 Kd5 43. Ba3 Nd7 44. Ne1
Nde5 45. Bf8 Nc4 46. Nd3 Nxe3 47. Nf4+ Ke5 48. Nxg6+ Kf6 49. Nf4 Ke5 50.
Nd3+ Kf6 51. g3 Nd5+ 52. Kd2 Nd4 53. Ne1 Kf7 54. Ba3 Nc6 55. Nd3 Nd4 56.
Ne1 Nc6 57. Bb2 Ndb4 58. Ba1 Ke6 59. Bh8 Kd6 60. Bg7 Ke6 61. Bb2 Kd6 62. g4
fxg4 63. fxg4 hxg4 64. h5 Nd5 65. h6 Nde7 66. h7 Ng6 67. Nd3 Nce7 68. Nf4
g3 69. Ke1 g2 70. Kf2 Kd7 71. Bf6 Nxf4 72. h8=Q Neg6 73. Qg8 Kd6 74. Qb3
Kc6 75. Bg5 g1=Q+ 76. Kxg1 Ne2+ 77. Kf2 Nd4 78. Qd3 1-0

[Event "4th Kolkata Open"]
[Site "Kolkata IND"]
[Date "2009.09.03"]
[Round "3"]
[White "Konguvel,P"]
[Black "Le Quang Liem"]
[Result "0-1"]
[WhiteElo "2440"]
[BlackElo "2602"]
[EventDate "2009.09.01"]

1. e4 c5 2. Nf3 d6 3. d4 cxd4 4. Nxd4 Nf6 5. Nc3 g6 6. Be3 Bg7 7. f3 O-O 8.
Qd2 Nc6 9. Bc4 Bd7 10. Bb3 Rc8 11. O-O-O Ne5 12. h4 h5 13. Bg5 Rc5 14. Kb1
Re8 15. Bh6 Qa5 16. g4 hxg4 17. h5 Bh8 18. hxg6 Nxg6 19. Qh2 Rh5 20. Qg2
Rc8 21. fxg4 Bxg4 22. Nd5 Rxd5 23. Bxd5 e6 24. Nxe6 Bxd1 25. Rxd1 Nxd5 26.
exd5 Be5 27. Bc1 Qa4 28. Rh1 Rc4 29. b3 Qb4 30. Bd2 Qa3 31. Bc1 Qa5 32. Qg5
Rxc2 33. Kxc2 Qc3+ 34. Kd1 Qf3+ 35. Kc2 Qe4+ 36. Kd2 Qxd5+ 37. Kc2 Qe4+ 38.
Kd2 Qxh1 39. Qd8+ Kh7 40. Ng5+ Kg7 41. Kc2 Qg2+ 42. Kb1 Bf6 43. Qxd6 Bxg5
44. Bb2+ Kh6 45. a4 Qe4+ 46. Ka2 Bf4 47. Qf6 Qe6 48. Qg7+ Kg5 49. Qd4 Be3
50. Qd8+ f6 51. Qc7 Bf4 52. Qxb7 a6 53. Qg2+ Kh6 54. Qh1+ Kg7 55. Qb7+ Kg8
56. Qg2 Bg5 57. Qa8+ Kg7 58. Qb7+ Ne7 59. Ba3 Qe2+ 60. Kb1 f5 61. Qd7 Qe4+
62. Ka2 Bf6 63. Qd2 f4 64. Bc1 f3 65. Qh6+ Kf7 66. Qh5+ Ke6 0-1

[Event "4th Kolkata Open"]
[Site "Kolkata IND"]
[Date "2009.09.03"]
[Round "3"]
[White "Hillarp Persson,T"]
[Black "Grover,S"]
[Result "0-1"]
[WhiteElo "2577"]
[BlackElo "2288"]
[EventDate "2009.09.01"]

1. c4 e5 2. Nc3 Nf6 3. e3 d5 4. cxd5 Nxd5 5. Nf3 Nc6 6. Qc2 Nxc3 7. bxc3
Bd6 8. Bd3 h6 9. Rb1 O-O 10. Bf5 Rb8 11. O-O Bxf5 12. Qxf5 Ne7 13. Qc2 f5
14. d4 e4 15. Nd2 Qe8 16. Ba3 Rf6 17. Bxd6 cxd6 18. a4 Qd7 19. c4 Nc6 20.
Rb5 Nd8 21. f3 a6 22. Rd5 Nc6 23. fxe4 Nb4 24. Qb3 Nxd5 25. exd5 Rc8 26. e4
Qe7 27. c5 fxe4 28. Re1 Rcf8 29. h3 Rf4 30. cxd6 Qf6 31. Qc4 Qh4 32. Qe2
Rf2 33. Qxe4 Qg3 34. Re2 Rxe2 35. Qxe2 Qxd6 36. Qe6+ Qxe6 37. dxe6 Rd8 38.
Nb3 Kf8 39. Kf2 Ke7 40. Ke3 Kxe6 41. Nc5+ Kd5 42. Nxb7 Re8+ 43. Kf4 Re4+
44. Kf5 Rxd4 45. Nd8 Rxa4 46. Ne6 g6+ 47. Kf6 Rc4 0-1

[Event "4th Kolkata Open"]
[Site "Kolkata IND"]
[Date "2009.09.04"]
[Round "4"]
[White "Safarli,E"]
[Black "Short,N"]
[Result "1/2-1/2"]
[WhiteElo "2587"]
[BlackElo "2706"]
[EventDate "2009.09.01"]

1. e4 e5 2. Nf3 Nc6 3. Bb5 a6 4. Ba4 Nf6 5. O-O Be7 6. Re1 b5 7. Bb3 O-O 8.
c3 d6 9. h3 Nb8 10. d4 Nbd7 11. Nbd2 Bb7 12. Bc2 Re8 13. Nf1 Bf8 14. Ng3 g6
15. a4 c5 16. d5 c4 17. Bg5 h6 18. Be3 Nc5 19. Qd2 h5 20. Ra3 Rb8 21. axb5
axb5 22. Ra7 Qb6 23. Rea1 Ra8 24. Rxa8 Rxa8 25. Rxa8 Bxa8 26. Nh4 Bb7 27.
Bh6 Qd8 28. Bg5 Bc8 29. f4 exf4 30. Qxf4 Be7 31. Nf3 Nfd7 32. Bh6 Bf8 33.
Bxf8 Qxf8 34. e5 dxe5 35. Nxe5 Bb7 36. Nxh5 Bxd5 37. Ng4 gxh5 38. Qg5+ Qg7
39. Qd8+ Qf8 40. Qg5+ Qg7 1/2-1/2

[Event "4th Kolkata Open"]
[Site "Kolkata IND"]
[Date "2009.09.04"]
[Round "4"]
[White "Malakhatko,V"]
[Black "Aleksandrov,A"]
[Result "1/2-1/2"]
[WhiteElo "2569"]
[BlackElo "2639"]
[EventDate "2009.09.01"]

1. d4 Nf6 2. c4 e6 3. Nf3 d5 4. Nc3 Bb4 5. cxd5 exd5 6. Bg5 Nbd7 7. e3 c5
8. Qc2 Qa5 9. Bd3 O-O 10. O-O c4 11. Bf5 Re8 12. Nd2 g6 13. Bxd7 Nxd7 14.
h4 f6 15. Bf4 Bxc3 16. bxc3 Nb6 17. f3 Qa4 18. Qb2 Bf5 19. Rfe1 Qc6 20. Qa3
Bd3 21. Qxa7 1/2-1/2

[Event "4th Kolkata Open"]
[Site "Kolkata IND"]
[Date "2009.09.04"]
[Round "4"]
[White "Ganguly,S"]
[Black "Markos,J"]
[Result "1/2-1/2"]
[WhiteElo "2634"]
[BlackElo "2565"]
[EventDate "2009.09.01"]

1. e4 c5 2. Nf3 Nc6 3. d4 cxd4 4. Nxd4 Nf6 5. Nc3 e5 6. Ndb5 d6 7. Bg5 a6
8. Na3 b5 9. Bxf6 gxf6 10. Nd5 Bg7 11. Bd3 Ne7 12. Nxe7 Qxe7 13. c4 f5 14.
O-O O-O 15. Qh5 Rb8 16. exf5 e4 17. Rae1 Bb7 18. Qg4 Kh8 19. Bxe4 Bxb2 20.
Nc2 Rg8 21. Bd5 1/2-1/2

[Event "4th Kolkata Open"]
[Site "Kolkata IND"]
[Date "2009.09.04"]
[Round "4"]
[White "Grover,S"]
[Black "Negi,P"]
[Result "1/2-1/2"]
[WhiteElo "2288"]
[BlackElo "2615"]
[EventDate "2009.09.01"]

1. e4 c5 2. Nf3 e6 3. d4 cxd4 4. Nxd4 Nc6 5. Nc3 Qc7 6. Be3 Nf6 7. f4 Bb4
8. Ndb5 Qa5 9. Qd3 a6 10. Nd4 Nxe4 11. Nxc6 bxc6 12. Qxe4 Bxc3+ 13. bxc3
Qxc3+ 14. Kf2 Qxa1 15. Bd4 Qc1 16. Bxg7 Rg8 17. Be5 Bb7 18. Qb4 Qxc2+ 19.
Ke3 Qc1+ 20. Kf2 Qc2+ 21. Ke3 Qc1+ 22. Kf2 f6 23. Be2 Qxh1 24. Bh5+ Kd8 25.
Qb6+ Ke7 1/2-1/2

[Event "4th Kolkata Open"]
[Site "Kolkata IND"]
[Date "2009.09.04"]
[Round "4"]
[White "Mchedlishvili,M"]
[Black "Rahman,Zia"]
[Result "1/2-1/2"]
[WhiteElo "2613"]
[BlackElo "2554"]
[EventDate "2009.09.01"]

1. d4 d5 2. c4 e6 3. Nf3 c6 4. Qc2 Nf6 5. Bg5 dxc4 6. Qxc4 b5 7. Qc2 Bb7 8.
e3 Nbd7 9. Bd3 a6 10. a4 Qb6 11. Qe2 Nd5 12. Nc3 h6 13. Bh4 Bb4 14. O-O
Nxc3 15. bxc3 Bxc3 16. Rab1 b4 17. Rfc1 Qa7 18. Bg3 O-O 19. Ne5 Rad8 20.
Be4 Nxe5 21. Bxe5 Ba8 22. Bf6 gxf6 23. Qg4+ Kh8 24. Qh4 Kg7 1/2-1/2

[Event "4th Kolkata Open"]
[Site "Kolkata IND"]
[Date "2009.09.04"]
[Round "4"]
[White "Ni Hua"]
[Black "Kunte,A"]
[Result "1/2-1/2"]
[WhiteElo "2692"]
[BlackElo "2515"]
[EventDate "2009.09.01"]

1. d4 Nf6 2. c4 e6 3. Nf3 c5 4. Nc3 cxd4 5. Nxd4 Nc6 6. a3 d5 7. e3 Nxd4 8.
Qxd4 dxc4 9. Qxd8+ Kxd8 10. Bxc4 a6 11. Ke2 Bd6 12. e4 b5 13. Bd3 Bb7 14.
f3 Rc8 15. Bd2 Nd7 16. f4 f6 17. Rhd1 Ke7 18. Be3 Bc5 19. Rac1 Rhd8 20. g3
Bxe3 21. Kxe3 Nb6 22. b3 Nd7 23. Ne2 Nc5 24. Bc2 Rxd1 25. Bxd1 Nd7 26. b4
Nb6 27. Bb3 e5 28. h4 h6 29. f5 Kd6 30. Rxc8 Bxc8 31. Nc1 Na8 32. Nd3 Nc7
33. Kf3 Bd7 34. Nc5 Be8 35. Be6 Kc6 36. g4 a5 37. Bb3 axb4 38. axb4 Kd6 39.
Kg3 Ke7 40. Bg8 g5 41. fxg6 Bxg6 42. Bb3 Ne8 43. Kf3 Nd6 44. Bd5 Bf7 45.
Bxf7 1/2-1/2

[Event "4th Kolkata Open"]
[Site "Kolkata IND"]
[Date "2009.09.04"]
[Round "4"]
[White "Postny,E"]
[Black "Das,Arg"]
[Result "1-0"]
[WhiteElo "2651"]
[BlackElo "2407"]
[EventDate "2009.09.01"]

1. d4 e6 2. c4 Bb4+ 3. Bd2 Bxd2+ 4. Nxd2 d6 5. Ngf3 Qe7 6. e4 e5 7. Bd3 Nf6
8. O-O O-O 9. Re1 Bg4 10. Qb3 c5 11. d5 Nh5 12. g3 g6 13. Nh4 Nd7 14. Bf1
Ndf6 15. h3 Bc8 16. Qe3 a5 17. Nhf3 Ne8 18. Nh2 Nhg7 19. f4 f6 20. b3 Nc7
21. a3 Bd7 22. Nhf3 b6 23. Rab1 Nh5 24. Kh2 Qg7 25. b4 axb4 26. axb4 Rfb8
27. bxc5 bxc5 28. fxe5 fxe5 29. Be2 Nf6 30. Rf1 Qe7 31. Kg2 Nce8 32. Nh2
Qd8 33. g4 Rxb1 34. Nxb1 Qe7 35. g5 Nh5 36. Bxh5 gxh5 37. Nf3 Ng7 38. Nc3
Rb8 39. Ne2 Rf8 40. Rf2 Bc8 1-0

[Event "4th Kolkata Open"]
[Site "Kolkata IND"]
[Date "2009.09.04"]
[Round "4"]
[White "Karthikeyan,P"]
[Black "Laznicka,V"]
[Result "0-1"]
[WhiteElo "2449"]
[BlackElo "2634"]
[EventDate "2009.09.01"]

1. d4 d5 2. c4 c6 3. Nf3 Nf6 4. Nc3 dxc4 5. a4 e6 6. e3 c5 7. Bxc4 Nc6 8.
O-O cxd4 9. exd4 Be7 10. Re1 O-O 11. Bg5 Bd7 12. Qd2 Nb4 13. Ne5 Bc6 14.
Nxc6 bxc6 15. a5 Nbd5 16. Bxd5 Nxd5 17. Bxe7 Nxe7 18. Re5 Rb8 19. h4 Nf5
20. h5 Qxd4 21. Qxd4 Nxd4 22. Ne2 Nb3 23. Ra4 Rfd8 24. h6 Rd5 25. Re3 gxh6
26. Nf4 Rdb5 27. a6 Rb4 28. Rxb4 Rxb4 29. Nd3 Rb5 30. Re4 Rd5 31. Ne5 Nd4
32. f4 f6 33. Ng4 Kg7 34. Ne3 Rd8 35. b4 f5 36. Re5 Rb8 37. Kf2 Rxb4 38.
Nd1 Kf6 39. Ke3 Nc2+ 40. Kf3 Rb3+ 41. Kf2 Nb4 42. Ra5 Nd3+ 0-1

[Event "4th Kolkata Open"]
[Site "Kolkata IND"]
[Date "2009.09.04"]
[Round "4"]
[White "Himanshu,Sh"]
[Black "Mamedov,Rau"]
[Result "1/2-1/2"]
[WhiteElo "2471"]
[BlackElo "2626"]
[EventDate "2009.09.01"]

1. e4 c5 2. Nc3 d6 3. f4 g6 4. g3 Bg7 5. Bg2 Nc6 6. d3 Rb8 7. Nf3 Nf6 8.
O-O O-O 9. h3 b5 10. g4 c4 11. Kh1 b4 12. Ne2 cxd3 13. cxd3 Ba6 14. Be3 Nd7
15. d4 Qb6 16. Qd2 Nf6 17. Nfg1 Na5 18. b3 d5 19. e5 Ne4 20. Qe1 f6 21. Rf3
Nc6 22. Rd1 e6 23. f5 fxe5 24. f6 Bh8 1/2-1/2

[Event "4th Kolkata Open"]
[Site "Kolkata IND"]
[Date "2009.09.04"]
[Round "4"]
[White "Gupta,Ab"]
[Black "Palit,S"]
[Result "1/2-1/2"]
[WhiteElo "2584"]
[BlackElo "2388"]
[EventDate "2009.09.01"]

1. d4 d5 2. c4 c6 3. Nc3 Nf6 4. Nf3 e6 5. Bg5 h6 6. Bxf6 Qxf6 7. e3 Nd7 8.
Bd3 dxc4 9. Bxc4 g6 10. O-O Bg7 11. Bb3 O-O 12. Ne4 Qe7 13. Qc2 e5 14. Nc3
Kh7 15. Rfe1 Re8 16. Rac1 e4 17. Nd2 f5 18. Ne2 Nf8 19. Qc5 Qxc5 20. Rxc5
Be6 21. Rc2 Bxb3 22. Nxb3 Ne6 23. Nc5 Nxc5 24. Rxc5 Bf8 25. Rc2 Rad8 26.
Rb1 a5 27. Nc3 Kg7 28. Na4 Ra8 29. Kf1 Red8 30. Ke2 Kf6 31. a3 Ra6 32. Rbc1
h5 33. Rc3 Ke6 34. h3 h4 35. R3c2 Be7 36. Rd1 Bf8 37. Rg1 Kf6 38. Nc3 Rb6
39. Rd1 Ke6 40. Kd2 c5 41. d5+ Ke5 42. Ke2 Rb3 43. a4 c4 44. f4+ Kf6 45.
Rd4 Rb4 46. Rd1 Bc5 47. d6 Ke6 48. Rd5 b6 49. Re5+ Kf7 50. Nb5 Rxa4 51.
Re7+ Kf8 52. Ra7 Rb4 53. Na3 Rxd6 54. Nxc4 Rd3 55. Ne5 Rxe3+ 56. Kf1 Rd4
57. Nd7+ Ke8 58. Nxc5 bxc5 59. Rxc5 1/2-1/2

[Event "4th Kolkata Open"]
[Site "Kolkata IND"]
[Date "2009.09.04"]
[Round "4"]
[White "Gagunashvili,M"]
[Black "Saptarshi,R"]
[Result "1-0"]
[WhiteElo "2564"]
[BlackElo "2389"]
[EventDate "2009.09.01"]

1. d4 d5 2. c4 e6 3. Nf3 c6 4. Qc2 Nf6 5. Bg5 Nbd7 6. e3 Qa5+ 7. Nbd2 Ne4
8. Bf4 Bb4 9. a3 g5 10. Bg3 h5 11. O-O-O Nxg3 12. hxg3 Be7 13. e4 g4 14.
Ne1 dxe4 15. Nxe4 Nf6 16. Nc3 Bd7 17. Nd3 O-O-O 18. c5 Qc7 19. Ne5 Be8 20.
Nc4 Kb8 21. Kb1 Nd5 22. Ne4 b5 23. cxb6 axb6 24. Be2 f6 25. Nc3 Rg8 26. Qb3
Ka7 27. Nxd5 cxd5 28. Ne3 Qd7 29. Rc1 Kb7 30. Bd3 Ra8 31. Rc3 Ra5 32. Rhc1
Bd6 33. Qc2 Bf7 34. b4 Ra7 35. Qe2 Be8 36. Kb2 Rg7 37. Qc2 Qe7 38. Rc8 Qd7
39. Rc3 Qe7 40. Qe2 Bxb4 41. Rc7+ Qxc7 42. Rxc7+ Rxc7 43. axb4 f5 44. Nc2
Ra4 45. Qd2 Ra8 46. Qh6 Bd7 47. Qxh5 Rac8 48. Qh6 b5 49. Qe3 Rc3 50. Qd2
R3c7 51. Na3 Kb6 52. Qe2 Rc3 53. Bxb5 1-0

[Event "4th Kolkata Open"]
[Site "Kolkata IND"]
[Date "2009.09.04"]
[Round "4"]
[White "Satyapragyan,S"]
[Black "Ismagambetov,An"]
[Result "1-0"]
[WhiteElo "2439"]
[BlackElo "2528"]
[EventDate "2009.09.01"]

1. e4 c6 2. d4 d5 3. e5 Bf5 4. Nd2 e6 5. g4 Bg6 6. Ne2 c5 7. h4 h6 8. Nf4
Bh7 9. dxc5 Nc6 10. Nb3 Qc7 11. Bb5 Qxe5+ 12. Be3 Nf6 13. Qe2 Be7 14. O-O-O
Nd7 15. Nh5 g5 16. hxg5 hxg5 17. Qd2 Rg8 18. Bxc6 bxc6 19. Bd4 Qe4 20. Rde1
Qg6 21. Re2 Bd8 22. Qb4 Rc8 23. Qb7 Rc7 24. Qa8 f5 25. gxf5 Qxf5 26. Ng7+
Rxg7 27. Bxg7 Nf6 28. Bxf6 Qxf6 29. Rhe1 Be4 30. Na5 Kf7 31. Nxc6 Qf4+ 32.
Kb1 Bf6 33. f3 Qxf3 34. Nd8+ Kg6 35. Nxe6 Re7 36. Qg8+ Kf5 37. c6 Rxe6 38.
Qh7+ Kf4 39. Qh2+ Kg4 40. Rg1+ Kf5 41. Rf2 Rxc6 42. Qh3+ Kf4 43. Qg3+ Ke3
44. Rxf3+ Bxf3 45. Re1+ 1-0

[Event "4th Kolkata Open"]
[Site "Kolkata IND"]
[Date "2009.09.05"]
[Round "5"]
[White "Sandipan,C"]
[Black "Le Quang Liem"]
[Result "1/2-1/2"]
[WhiteElo "2611"]
[BlackElo "2602"]
[EventDate "2009.09.01"]

1. Nf3 Nf6 2. g3 d5 3. Bg2 c6 4. O-O Bf5 5. d4 h6 6. c4 e6 7. Nc3 Nbd7 8.
Qb3 Qb6 9. c5 Qc7 10. Bf4 Qc8 11. Ne5 Be7 12. Rad1 O-O 13. Nxd7 Qxd7 14. f3
Bg6 15. e4 Nh5 16. Bd6 dxe4 17. fxe4 Nf6 18. Rfe1 b6 19. Bh3 Bh5 20. Rd2
bxc5 21. dxc5 Rab8 22. Qa4 Qb7 23. Bxe7 Qxe7 24. Qxc6 Rfd8 25. Rxd8+ Qxd8
26. Qd6 Qxd6 27. cxd6 Rxb2 28. e5 Nd7 29. Bg2 Rc2 30. Nb5 a6 31. Nd4 Rc4
32. Bc6 Nf8 33. Re4 g5 34. d7 Nxd7 35. Bxd7 Bg6 36. Rg4 Bh5 37. Re4 Bf3 38.
Re3 Rxd4 39. Bxe6 Rd1+ 40. Kf2 g4 41. Bb3 Rd2+ 42. Kf1 Rxh2 43. e6 fxe6 44.
Rxe6 Kg7 45. Rxa6 h5 46. Ra7+ Kg6 47. Ra6+ Kg5 48. Ra5+ Kf6 49. Bd5 1/2-1/2

[Event "4th Kolkata Open"]
[Site "Kolkata IND"]
[Date "2009.09.05"]
[Round "5"]
[White "Hossain,Enam"]
[Black "Safarli,E"]
[Result "1/2-1/2"]
[WhiteElo "2516"]
[BlackElo "2587"]
[EventDate "2009.09.01"]

1. e4 c5 2. Nf3 d6 3. d4 cxd4 4. Nxd4 Nf6 5. Nc3 a6 6. Bg5 e6 7. f4 Qb6 8.
Qd2 Qxb2 9. Rb1 Qa3 10. e5 h6 11. Bh4 dxe5 12. fxe5 Nd5 13. Nxd5 exd5 14.
e6 Bxe6 15. Nxe6 fxe6 16. Qe2 Qc3+ 17. Qd2 Qxd2+ 18. Kxd2 Be7 19. Bxe7 Kxe7
20. Rxb7+ Nd7 21. Be2 Rhb8 22. Rhb1 Rxb7 23. Rxb7 Kd6 24. a4 Kc6 25. Rb4 a5
26. Rg4 g5 27. Bb5+ Kd6 28. Bxd7 Kxd7 29. h4 Rg8 30. c4 dxc4 31. Kc3 e5 32.
Rxc4 Rg6 33. hxg5 hxg5 34. Kd3 Rc6 35. Rg4 Rc5 36. Ke3 Ke6 37. Rxg5 Rc3+
38. Kd2 Rc4 39. g4 Rxa4 40. Rg6+ Kd5 41. Ra6 Ra2+ 42. Ke3 Ra3+ 43. Kf2 Ke4
44. g5 Rf3+ 45. Ke2 Rg3 46. Rxa5 Rg2+ 47. Ke1 Rxg5 48. Ra4+ Kf3 49. Ra3+
Kf4 50. Kf2 Rh5 51. Ra4+ e4 52. Ra3 Rh1 53. Rf3+ 1/2-1/2

[Event "4th Kolkata Open"]
[Site "Kolkata IND"]
[Date "2009.09.05"]
[Round "5"]
[White "Short,N"]
[Black "Postny,E"]
[Result "1/2-1/2"]
[WhiteElo "2706"]
[BlackElo "2651"]
[EventDate "2009.09.01"]

1. e4 c6 2. Nf3 d5 3. Nc3 Bg4 4. h3 Bh5 5. d4 e6 6. Bd3 Nf6 7. e5 Nfd7 8.
g4 Bg6 9. Bxg6 hxg6 10. Ne2 c5 11. c3 Nc6 12. Kf1 Qb6 13. Kg2 Be7 14. Rb1
O-O-O 15. b4 cxd4 16. cxd4 Kb8 17. Bd2 Rc8 18. Re1 a6 19. Qb3 Na7 20. a4
Rc4 21. b5 Rhc8 22. Nf4 Ka8 23. Nd3 a5 24. Nb2 Rc2 25. Rec1 Rxc1 26. Bxc1
Qc7 27. Bd2 b6 28. Rc1 Qd8 29. Rc2 Kb8 30. Nd3 g5 31. Qb1 f6 32. Qc1 Nf8
33. Nfe1 Kb7 34. f4 gxf4 35. Bxf4 Rxc2+ 36. Qxc2 Qc8 37. Qxc8+ Kxc8 38. Nf3
Kd7 39. h4 Nc8 40. h5 Nh7 41. Be3 Bd8 42. Kh3 Ke8 43. Nf4 Kf7 44. Ng6 Ng5+
45. Nxg5+ fxg5 46. Kg2 Kg8 47. Kf3 Kf7 48. Ke2 Kg8 49. Kd3 Kf7 50. Bc1 Ke8
51. Ba3 Ne7 52. Bd6 Nxg6 53. hxg6 Be7 54. Bc7 Bd8 55. Bxd8 Kxd8 1/2-1/2

[Event "4th Kolkata Open"]
[Site "Kolkata IND"]
[Date "2009.09.05"]
[Round "5"]
[White "Panchanathan,M"]
[Black "Guseinov,G"]
[Result "1-0"]
[WhiteElo "2532"]
[BlackElo "2667"]
[EventDate "2009.09.01"]

1. Nf3 g6 2. e4 c5 3. d4 cxd4 4. Nxd4 Nc6 5. c4 Nf6 6. Nc3 Nxd4 7. Qxd4 d6
8. Be3 Bg7 9. f3 O-O 10. Qd2 a5 11. Na4 Nd7 12. Rd1 Qc7 13. b3 Nc5 14. Nc3
Be6 15. Be2 Rfc8 16. O-O Qd8 17. Kh1 a4 18. b4 Nd7 19. Nd5 b5 20. cxb5 Bxd5
21. Qxd5 Rc2 22. Bd3 Rc3 23. f4 Nf6 24. Qg5 Qc8 25. Bd4 Rxd3 26. Rxd3 Qc4
27. Rfd1 Qxa2 28. b6 Rb8 29. Bxf6 Bxf6 30. Qa5 Qf2 31. b7 Qxf4 32. Qc7 Rxb7
33. Qxb7 Be5 34. Rh3 Kg7 35. Qxe7 Qxe4 36. Rf1 1-0

[Event "4th Kolkata Open"]
[Site "Kolkata IND"]
[Date "2009.09.05"]
[Round "5"]
[White "Aleksandrov,A"]
[Black "Deepan,C"]
[Result "1/2-1/2"]
[WhiteElo "2639"]
[BlackElo "2524"]
[EventDate "2009.09.01"]

1. d4 d5 2. c4 c6 3. Nf3 Nf6 4. e3 e6 5. Bd3 Nbd7 6. O-O Bd6 7. Nc3 dxc4 8.
Bxc4 b5 9. Bd3 Bb7 10. Ne2 O-O 11. Ng3 e5 12. Bd2 Re8 13. Qc2 g6 14. Rfe1
a6 15. a4 Rc8 16. Ng5 c5 17. axb5 cxd4 18. Qb1 axb5 19. Bxb5 Ra8 20. exd4
exd4 21. Qd3 Rxe1+ 22. Rxe1 Nc5 23. Qc4 Bd5 24. Qxd4 Nb3 25. Qd3 Nxd2 26.
Qxd2 Rb8 27. Qe2 Qa5 28. Bd3 Bxg3 29. hxg3 Re8 30. Qxe8+ Nxe8 31. Rxe8+ Kg7
32. Nf3 Qa1+ 33. Re1 Qxb2 34. Bf1 h5 1/2-1/2

[Event "4th Kolkata Open"]
[Site "Kolkata IND"]
[Date "2009.09.05"]
[Round "5"]
[White "Sundararajan,K"]
[Black "Ganguly,S"]
[Result "1/2-1/2"]
[WhiteElo "2516"]
[BlackElo "2634"]
[EventDate "2009.09.01"]

1. d4 Nf6 2. Nf3 g6 3. Bg5 Bg7 4. Nbd2 O-O 5. e3 c5 6. c3 d6 7. Bd3 Nc6 8.
O-O Qc7 9. Qe2 e5 10. dxc5 dxc5 11. Rfd1 b6 12. Bc4 Bb7 13. Bxf6 Bxf6 14.
Ba6 Rad8 15. Bxb7 Qxb7 16. e4 Bg7 17. Nf1 Ne7 18. Rxd8 Rxd8 19. Rd1 Rxd1
20. Qxd1 Qxe4 21. Qd7 Bf6 22. Qxa7 Nd5 23. N3d2 Qd3 24. c4 Nf4 25. Qxb6
Ne2+ 26. Kh1 Qf5 27. Qxc5 Nd4 28. f3 Bg5 29. Ne4 Qf4 30. Nxg5 Qxg5 31. Qa5
Qc1 32. Kg1 Qxb2 33. Qd2 Qb6 34. Qe3 Qc5 35. Kf2 f5 36. Nd2 Qa5 37. a3 Kf7
38. Nb3 Nxb3 1/2-1/2

[Event "4th Kolkata Open"]
[Site "Kolkata IND"]
[Date "2009.09.05"]
[Round "5"]
[White "Laznicka,V"]
[Black "Khusnutdinov,R"]
[Result "1-0"]
[WhiteElo "2634"]
[BlackElo "2506"]
[EventDate "2009.09.01"]

1. d4 Nf6 2. c4 e6 3. Nf3 Bb4+ 4. Nbd2 b6 5. a3 Bxd2+ 6. Qxd2 Bb7 7. e3 O-O
8. Be2 d6 9. O-O Nbd7 10. b4 Ne4 11. Qc2 f5 12. d5 e5 13. Nd2 c6 14. Nxe4
fxe4 15. dxc6 Bxc6 16. Bb2 Qh4 17. g3 Qe7 18. Rfd1 Rf6 19. Rd2 Raf8 20. Bf1
Qf7 21. Bg2 Qg6 22. Rad1 h6 23. a4 Rc8 24. Ba3 Ba8 25. Qb3 Kh7 26. a5 bxa5
27. bxa5 Nc5 28. Bxc5 dxc5 29. Rd8 Qf5 30. Rxc8 Qxc8 31. Qc2 Qf5 32. Rd8
Bc6 33. h3 h5 34. Rb8 Rd6 35. Rb5 Qd7 36. Rxc5 Rd1+ 37. Kh2 g6 38. Rxe5 Kh6
39. Re7 Qd8 40. Rxa7 h4 41. Qc3 Qf8 42. Qe5 hxg3+ 43. fxg3 Rd2 44. Qf4+
Qxf4 45. gxf4 Re2 46. Rc7 Ba8 47. a6 1-0

[Event "4th Kolkata Open"]
[Site "Kolkata IND"]
[Date "2009.09.05"]
[Round "5"]
[White "Kunte,A"]
[Black "Mchedlishvili,M"]
[Result "1/2-1/2"]
[WhiteElo "2515"]
[BlackElo "2613"]
[EventDate "2009.09.01"]

1. d4 Nf6 2. c4 g6 3. Nc3 Bg7 4. e4 d6 5. Nf3 O-O 6. Be2 Na6 7. O-O e5 8.
Be3 c6 9. d5 Ng4 10. Bd2 f5 11. Qc2 Nc5 12. b4 Nxe4 13. Nxe4 fxe4 14. Ng5
cxd5 15. Bxg4 Bxg4 16. cxd5 Rc8 17. Qxe4 Bf5 18. Qe3 Qb6 19. Rac1 Bh6 20.
Qxb6 axb6 21. h4 b5 22. Rxc8 Rxc8 23. Rc1 Rxc1+ 24. Bxc1 Bb1 25. Be3 Bf8
26. Ne6 Be7 27. Bg5 Kf7 28. a3 Bf5 29. Nc7 Bd7 30. f3 h6 31. Bxh6 Bxh4 32.
Be3 Bg3 33. Kf1 Bf4 34. Ke2 Ke7 35. Kd3 Bxe3 36. Kxe3 Kd8 37. Na8 b6 38.
Nxb6 Be8 39. a4 bxa4 40. Nc4 Kc7 41. f4 exf4+ 42. Kxf4 Bb5 43. Na3 Bd3 44.
Ke3 Bf1 45. g3 Kb6 46. Kd4 1/2-1/2